[Event "Stay Safe Play From Home 174"]
[Site "T#646332Emanuel Laske"]
[Date "2020.05.25"]
[Round "2"]
[White "Lazieri3"]
[Black "Haris kollari 13"]
[Result "1-0"]
[WhiteElo "2055"]
[BlackElo "1924"]
[Annotator "NA"]
[PlyCount "113"]
[EventDate "2020.05.25"]
[EventType "swiss (blitz)"]

1. e4 {[%emt 0:00:01]} e6 {[%emt 0:00:01]} 2. Nc3 {[%emt 0:00:00]} d5 {[%emt 0:00:01]} 3. exd5 {[%emt 0:00:00]} exd5 {[%emt 0:00:01]} 4. d4 {[%emt 0:00:01]} c6 {[%emt 0:00:01]} 5. Nf3 {[%emt 0:00:00]} Bg4 {[%emt 0:00:01]} 6. Bf4 {[%emt 0:00:00]} Bd6 {[%emt 0:00:02]} 7. Bxd6 {[%emt 0:00:02]} Qxd6 {[%emt 0:00:01]} 8. Be2 {[%emt 0:00:00]} Nf6 {[%emt 0:00:01]} 9. h3 {[%emt 0:00:01]} Bh5 {[%emt 0:00:02]} 10. O-O {[%emt 0:00:01]} O-O {[%emt 0:00:01]} 11. Ne5 {[%emt 0:00:00]} Bxe2 {[%emt 0:00:02]} 12. Nxe2 {[%emt 0:00:00]} Re8 {[%emt 0:00:01]} 13. Ng3 {[%emt 0:00:01]} Nbd7 {[%emt 0:00:02]} 14. Nxd7 {[%emt 0:00:01]} Nxd7 {[%emt 0:00:02]} 15. c3 {[%emt 0:00:01]} Re6 {[%emt 0:00:01]} 16. Re1 {[%emt 0:00:01]} Rae8 {[%emt 0:00:01]} 17. Qd2 {[%emt 0:00:01]} Qe7 {[%emt 0:00:02]} 18. Rxe6 {[%emt 0:00:01]} Qxe6 {[%emt 0:00:01]} 19. Kf1 {[%emt 0:00:00]} Nf6 {[%emt 0:00:03]} 20. Re1 {[%emt 0:00:01]} Qxe1+ {[%emt 0:00:01]} 21. Qxe1 {[%emt 0:00:00]} Rxe1+ {[%emt 0:00:01]} 22. Kxe1 {[%emt 0:00:00]} Kf8 {[%emt 0:00:01]} 23. Ke2 {[%emt 0:00:01]} Ke7 {[%emt 0:00:01]} 24. Kd3 {[%emt 0:00:01]} Kd6 {[%emt 0:00:01]} 25. b3 {[%emt 0:00:01]} b5 {[%emt 0:00:01]} 26. Nf5+ {[%emt 0:00:01]} Ke6 {[%emt 0:00:03]} 27. Nxg7+ {[%emt 0:00:00]} Kd6 {[%emt 0:00:04]} 28. Nf5+ {[%emt 0:00:01]} Ke6 {[%emt 0:00:01]} 29. g4 {[%emt 0:00:04]} Ne4 {[%emt 0:00:01]} 30. Ke3 {[%emt 0:00:05]} Nxc3 {[%emt 0:00:03]} 31. a3 {[%emt 0:00:01]} Nb1 {[%emt 0:00:06]} 32. a4 {[%emt 0:00:02]} b4 {[%emt 0:00:02]} 33. Kd3 {[%emt 0:00:08]} a5 {[%emt 0:00:02]} 34. Ng3 {[%emt 0:00:09]} Nc3 {[%emt 0:00:01]} 35. f4 {[%emt 0:00:01]} Nd1 {[%emt 0:00:02]} 36. f5+ {[%emt 0:00:03]} Kf6 {[%emt 0:00:03]} 37. Ke2 {[%emt 0:00:10]} Nc3+ {[%emt 0:00:01]} 38. Kd3 {[%emt 0:00:01]} h6 {[%emt 0:00:01]} 39. h4 {[%emt 0:00:02]} Nd1 {[%emt 0:00:02]} 40. Ke2 {[%emt 0:00:01]} Nc3+ {[%emt 0:00:02]} 41. Kd2 {[%emt 0:00:03]} Ke7 {[%emt 0:00:11]} 42. Ne2 {[%emt 0:00:05]} Ne4+ {[%emt 0:00:02]} 43. Ke3 {[%emt 0:00:01]} Kd6 {[%emt 0:00:02]} 44. Kf4 {[%emt 0:00:04]} c5 {[%emt 0:00:02]} 45. dxc5+ {[%emt 0:00:01]} Kxc5 {[%emt 0:00:01]} 46. g5 {[%emt 0:00:01]} hxg5+ {[%emt 0:00:02]} 47. hxg5 {[%emt 0:00:00]} Nd2 {[%emt 0:00:05]} 48. g6 {[%emt 0:00:03]} fxg6 {[%emt 0:00:01]} 49. fxg6 {[%emt 0:00:00]} Ne4 {[%emt 0:00:01]} 50. Ke5 {[%emt 0:00:06]} Ng5 {[%emt 0:00:10]} 51. Kf5 {[%emt 0:00:09]} Ne4 {[%emt 0:00:04]} 52. g7 {[%emt 0:00:03]} Nd2 {[%emt 0:00:09]} 53. g8=Q {[%emt 0:00:02]} Nxb3 {[%emt 0:00:00]} 54. Qc8+ {[%emt 0:00:01]} Kd6 {[%emt 0:00:03]} 55. Qd8+ {[%emt 0:00:04]} Kc5 {[%emt 0:00:01]} 56. Ke5 {[%emt 0:00:04]} Kc4 {[%emt 0:00:02]} 57. Qxd5# {[%emt 0:00:02] (Lag: Av=0.52s, max=1.0s)} 1-0

[Event "Stay Safe Play From Home 174"]
[Site "T#646332Emanuel Laske"]
[Date "2020.05.25"]
[Round "2"]
[White "Kongle"]
[Black "Patzeroglu"]
[Result "0-1"]
[WhiteElo "1897"]
[BlackElo "1798"]
[Annotator "NA RC"]
[PlyCount "68"]
[EventDate "2020.05.25"]
[EventType "swiss (blitz)"]

1. e4 {[%emt 0:00:02]} c5 {[%emt 0:00:08]} 2. Nf3 {[%emt 0:00:01]} Nf6 {[%emt 0:00:01]} 3. e5 {[%emt 0:00:03]} Nd5 {[%emt 0:00:02]} 4. c3 {[%emt 0:00:01]} Nc6 {[%emt 0:00:02]} 5. d4 {[%emt 0:00:01]} cxd4 {[%emt 0:00:01]} 6. cxd4 {[%emt 0:00:01]} e6 {[%emt 0:00:00]} 7. Nc3 {[%emt 0:00:02]} d6 {[%emt 0:00:01]} 8. exd6 {[%emt 0:00:04]} Bxd6 {[%emt 0:00:02]} 9. Bd3 {[%emt 0:00:01]} Nxc3 {[%emt 0:00:02]} 10. bxc3 {[%emt 0:00:01]} O-O {[%emt 0:00:00]} 11. O-O {[%emt 0:00:02]} h6 {[%emt 0:00:00]} 12. Re1 {[%emt 0:00:01]} b6 {[%emt 0:00:01]} 13. Rb1 {[%emt 0:00:09]} Bb7 {[%emt 0:00:03]} 14. Qe2 {[%emt 0:00:01]} Rc8 {[%emt 0:00:02]} 15. Rb5 {[%emt 0:00:05]} Ne7 {[%emt 0:00:03]} 16. Bd2 {[%emt 0:00:09]} Ba6 {[%emt 0:00:07]} 17. Rh5 {[%emt 0:00:05]} Bxd3 {[%emt 0:00:03]} 18. Qxd3 {[%emt 0:00:02]} Ng6 {[%emt 0:00:19]} 19. Qe4 {[%emt 0:00:24]} Qc7 {[%emt 0:00:07]} 20. g3 {[%emt 0:00:17]} Qc6 {[%emt 0:00:02]} 21. Qd3 {[%emt 0:00:18]} Qc4 {[%emt 0:00:04]} 22. Qe4 {[%emt 0:00:04]} Qxa2 {[%emt 0:00:03]} 23. Bxh6 {[%emt 0:00:04]} Qd5 {[%emt 0:00:03]} 24. Rxd5 {[%emt 0:00:03]} exd5 {[%emt 0:00:02]} 25. Qxd5 {[%emt 0:00:06]} Rfd8 {[%emt 0:00:03]} 26. Bg5 {[%emt 0:00:12]} Be7 {[%emt 0:00:01]} 27. Qe4 {[%emt 0:00:06]} Bxg5 {[%emt 0:00:02]} 28. Nxg5 {[%emt 0:00:01]} Rxc3 {[%emt 0:00:00] Patzeroglu bietet Remis} 29. h4 {[%emt 0:00:09]} Rc4 {[%emt 0:00:03]} 30. Qh1 {[%emt 0:00:11]} Rcxd4 {[%emt 0:00:03]} 31. h5 {[%emt 0:00:01]} Nf8 {[%emt 0:00:01]} 32. Qf3 {[%emt 0:00:02]} f6 {[%emt 0:00:02]} 33. Qb3+ {[%emt 0:00:04]} R8d5 {[%emt 0:00:07]} 34. Re7 {[%emt 0:00:03]} fxg5 {[%emt 0:00:02] Time (Lag: Av=0.94s, max=2.0s) .} 0-1

[Event "Stay Safe Play From Home 174"]
[Site "T#646332Emanuel Laske"]
[Date "2020.05.25"]
[Round "2"]
[White "Lucknow"]
[Black "Don59as"]
[Result "1-0"]
[WhiteElo "1857"]
[BlackElo "2066"]
[Annotator "NA"]
[PlyCount "73"]
[EventDate "2020.05.25"]
[EventType "swiss (blitz)"]

1. d4 {[%emt 0:00:01]} d5 {[%emt 0:00:01]} 2. c4 {[%emt 0:00:01]} e5 {[%emt 0:00:01]} 3. dxe5 {[%emt 0:00:01]} d4 {[%emt 0:00:00]} 4. Nf3 {[%emt 0:00:02]} Nc6 {[%emt 0:00:01]} 5. e3 {[%emt 0:00:04]} Bc5 {[%emt 0:00:04]} 6. exd4 {[%emt 0:00:03]} Nxd4 {[%emt 0:00:00]} 7. Nxd4 {[%emt 0:00:01]} Bxd4 {[%emt 0:00:01]} 8. Be2 {[%emt 0:00:03]} Be6 {[%emt 0:00:02]} 9. O-O {[%emt 0:00:03]} Bxe5 {[%emt 0:00:01]} 10. Nc3 {[%emt 0:00:04]} Nf6 {[%emt 0:00:12]} 11. Qa4+ {[%emt 0:00:04]} c6 {[%emt 0:00:04]} 12. Qc2 {[%emt 0:00:08]} Qc7 {[%emt 0:00:02]} 13. h3 {[%emt 0:00:15]} O-O {[%emt 0:00:06]} 14. Bg5 {[%emt 0:00:03]} h6 {[%emt 0:00:01]} 15. Bxf6 {[%emt 0:00:01]} Bxf6 {[%emt 0:00:03]} 16. Rad1 {[%emt 0:00:03]} Qf4 {[%emt 0:00:09]} 17. b3 {[%emt 0:00:06]} Be5 {[%emt 0:00:12]} 18. g3 {[%emt 0:00:01]} Qg5 {[%emt 0:00:09]} 19. Kh2 {[%emt 0:00:09]} Rad8 {[%emt 0:00:12]} 20. f4 {[%emt 0:00:13]} Bf5 {[%emt 0:00:06]} 21. Qc1 {[%emt 0:00:15]} Qf6 {[%emt 0:00:16]} 22. fxe5 {[%emt 0:00:03]} Qxe5 {[%emt 0:00:01]} 23. Bf3 {[%emt 0:00:13]} Rfe8 {[%emt 0:00:07]} 24. Rxd8 {[%emt 0:00:06]} Rxd8 {[%emt 0:00:02]} 25. Re1 {[%emt 0:00:03]} Qa5 {[%emt 0:00:06]} 26. Re2 {[%emt 0:00:12]} Bg6 {[%emt 0:00:02]} 27. Ne4 {[%emt 0:00:04]} Kh7 {[%emt 0:00:08]} 28. c5 {[%emt 0:00:01]} Qb4 {[%emt 0:00:06]} 29. Qe3 {[%emt 0:00:03]} Rd1 {[%emt 0:00:05]} 30. Nd6 {[%emt 0:00:03]} Rf1 {[%emt 0:00:22]} 31. Be4 {[%emt 0:00:03]} Qa3 {[%emt 0:00:10]} 32. Bxg6+ {[%emt 0:00:02]} fxg6 {[%emt 0:00:01]} 33. Ne8 {[%emt 0:00:02]} Qc1 {[%emt 0:00:02]} 34. Qe4 {[%emt 0:00:04]} Qd1 {[%emt 0:00:04]} 35. h4 {[%emt 0:00:03]} h5 {[%emt 0:00:01]} 36. Nxg7 {[%emt 0:00:04]} Kxg7 {[%emt 0:00:02]} 37. Qe7+ {[%emt 0:00:00] Time (Lag: Av=0.55s, max=1.1s)} 1-0

[Event "Stay Safe Play From Home 174"]
[Site "T#646332Emanuel Laske"]
[Date "2020.05.25"]
[Round "2"]
[White "Archi-ak"]
[Black "Chase the sun"]
[Result "1/2-1/2"]
[WhiteElo "1850"]
[BlackElo "1918"]
[Annotator "TA"]
[PlyCount "68"]
[EventDate "2020.05.25"]
[EventType "swiss (blitz)"]

{[%evp 10,68,-41,-37,-37,-52,0,-24,-25,-25,-16,-29,-29,-41,0,-41,11,-27,26,-6,23,14,57,-18,47,21,38,40,39,27,39,0,0,0,2,0,16,-4,0,-9,-1,-82,-80,-168,-177,-173,-179,-714,-159,-656,-174,-655,-193,-210,-212,-212,-207,-245,-188,-215,-208]} 1. e4 e6 2. d4 d5 3. Nd2 Nf6 4. Bd3 c5 5. exd5 Qxd5 6. Ngf3 cxd4 {C05: French Tarrasch: 3...Nf6 4 e5 Nfd7, 5 f4 and 5 Bd3 sidelines.} 7. Bc4 {[#]} Qh5 $146 (7... Qd6 $15) ({Predecessor:} 7... Qd6 8. O-O Nc6 9. Nb3 Bd7 10. Nfxd4 Nxd4 11. Nxd4 a6 12. c3 Qc7 13. Qe2 Bd6 14. h3 {½-½ (25) Munoz Pantoja,M (2484)-Narciso Dublan,M (2541) Barcelona 2012}) 8. Nxd4 Qxd1+ {Black has an edge.} 9. Kxd1 Bd7 10. c3 Nc6 11. N2f3 O-O-O 12. Kc2 a6 (12... Nxd4+ $15 13. Nxd4 e5) 13. Be3 Be7 ({Better is} 13... Ng4) 14. h3 b5 15. Bb3 Nxd4+ 16. Nxd4 (16. Bxd4 $14 Kb7 17. a4) 16... Bc5 (16... e5 $11 17. Nf3 Bf5+ 18. Kc1 Nd5) 17. Rad1 Bxd4 18. Bxd4 Bc6 19. f3 Rhg8 20. Bb6 Rxd1 21. Rxd1 Nd5 22. Bd4 f6 23. Re1 e5 24. Bf2 Rd8 25. Rd1 {[#]} (25. g3 $11 {keeps the balance.}) 25... Nf4 $1 $17 26. Rxd8+ (26. g3 $17 {was worth a try.} Rxd1 27. Kxd1 Nxh3 28. Be6+ Bd7 29. Bxh3 Bxh3 30. g4) 26... Kxd8 {[%mdl 4096] Endgame KBB-KBN} 27. g3 Nxh3 28. c4 $2 (28. Be1) 28... Bxf3 $2 (28... Nxf2 $19 29. cxb5 axb5) 29. cxb5 $2 {[#] This move loses the game for White.} (29. Be1 $17) 29... axb5 $2 (29... Nxf2 30. Kd2 Bb7 31. bxa6 Bxa6) 30. Kd3 $2 (30. Be1) 30... Ng5 $2 (30... Nxf2+ 31. Ke3 Nd1+ 32. Kxf3 Nxb2) 31. Ke3 {Black is clearly better.} Bc6 32. Bc2 Kd7 33. g4 h6 34. Bf5+ Ne6 {Accuracy: White = 33%, Black = 52%.} 1/2-1/2

[Event "Stay Safe Play From Home 174"]
[Site "T#646332Emanuel Laske"]
[Date "2020.05.25"]
[Round "2"]
[White "Tunca"]
[Black "Trotsky"]
[Result "1-0"]
[WhiteElo "1791"]
[BlackElo "1553"]
[Annotator "NA RC"]
[PlyCount "105"]
[EventDate "2020.05.25"]
[EventType "swiss (blitz)"]

1. e4 {[%emt 0:00:01]} c5 {[%emt 0:00:01]} 2. Nf3 {[%emt 0:00:01]} Nc6 {[%emt 0:00:01]} 3. d4 {[%emt 0:00:00]} cxd4 {[%emt 0:00:02]} 4. Nxd4 {[%emt 0:00:01]} Nf6 {[%emt 0:00:01]} 5. Nc3 {[%emt 0:00:01]} e6 {[%emt 0:00:01]} 6. Be2 {[%emt 0:00:01]} d6 {[%emt 0:00:01]} 7. Be3 {[%emt 0:00:01]} Nxd4 {[%emt 0:00:01]} 8. Bxd4 {[%emt 0:00:01]} e5 {[%emt 0:00:01]} 9. Be3 {[%emt 0:00:01]} a6 {[%emt 0:00:01]} 10. O-O {[%emt 0:00:02]} b5 {[%emt 0:00:01]} 11. Bg5 {[%emt 0:00:04]} Be7 {[%emt 0:00:03]} 12. Bxf6 {[%emt 0:00:09]} gxf6 {[%emt 0:00:01]} 13. Nd5 {[%emt 0:00:00]} Bb7 {[%emt 0:00:02]} 14. f4 {[%emt 0:00:14]} O-O {[%emt 0:00:02]} 15. f5 {[%emt 0:00:04]} Kh8 {[%emt 0:00:01]} 16. Rf3 {[%emt 0:00:03]} Rg8 {[%emt 0:00:02]} 17. Rh3 {[%emt 0:00:01]} Rg7 {[%emt 0:00:03]} 18. Qd2 {[%emt 0:00:05]} Bxd5 {[%emt 0:00:02]} 19. Qxd5 {[%emt 0:00:02]} Qg8 {[%emt 0:00:04]} 20. Bf3 {[%emt 0:00:06]} Rd8 {[%emt 0:00:05]} 21. Qb7 {[%emt 0:00:04]} Bf8 {[%emt 0:00:08]} 22. Qxa6 {[%emt 0:00:02]} Rg5 {[%emt 0:00:01]} 23. Qxb5 {[%emt 0:00:04]} Qg7 {[%emt 0:00:05]} 24. a4 {[%emt 0:00:07]} Be7 {[%emt 0:00:01]} 25. a5 {[%emt 0:00:03]} Rg8 {[%emt 0:00:01]} 26. Qe2 {[%emt 0:00:05]} Bd8 {[%emt 0:00:11]} 27. b4 {[%emt 0:00:08]} d5 {[%emt 0:00:02]} 28. exd5 {[%emt 0:00:04]} e4 {[%emt 0:00:02]} 29. Bxe4 {[%emt 0:00:04]} Bc7 {[%emt 0:00:04]} 30. b5 {[%emt 0:00:06]} Rg4 {[%emt 0:00:02]} 31. Bf3 {[%emt 0:00:04]} Rg5 {[%emt 0:00:02]} 32. b6 {[%emt 0:00:01]} Bd6 {[%emt 0:00:03]} 33. a6 {[%emt 0:00:05]} Rxf5 {[%emt 0:00:02]} 34. Kh1 {[%emt 0:00:14]} Rg5 {[%emt 0:00:06]} 35. a7 {[%emt 0:00:02]} Bxh2 {[%emt 0:00:02]} 36. Rxh2 {[%emt 0:00:08]} Rg6 {[%emt 0:00:03]} 37. a8=Q {[%emt 0:00:03]} Rh6 {[%emt 0:00:01]} 38. Qc6 {[%emt 0:00:06]} Rxh2+ {[%emt 0:00:03]} 39. Kxh2 {[%emt 0:00:00]} Qh6+ {[%emt 0:00:01]} 40. Kg1 {[%emt 0:00:00]} Qh3 {[%emt 0:00:08]} 41. Ra8 {[%emt 0:00:03]} Qg3 {[%emt 0:00:05]} 42. Rxg8+ {[%emt 0:00:02]} Qxg8 {[%emt 0:00:01]} 43. b7 {[%emt 0:00:00]} Kg7 {[%emt 0:00:03]} 44. Qc8 {[%emt 0:00:02]} Kh8 {[%emt 0:00:05]} 45. Qxg8+ {[%emt 0:00:02]} Kxg8 {[%emt 0:00:01]} 46. b8=Q+ {[%emt 0:00:00]} Kg7 {[%emt 0:00:01]} 47. Qg3+ {[%emt 0:00:00]} Kh6 {[%emt 0:00:02]} 48. d6 {[%emt 0:00:00]} f5 {[%emt 0:00:01]} 49. d7 {[%emt 0:00:00]} f6 {[%emt 0:00:01]} 50. Qf4+ {[%emt 0:00:00]} Kg7 {[%emt 0:00:03]} 51. d8=Q {[%emt 0:00:00]} h5 {[%emt 0:00:01]} 52. Qee7+ {[%emt 0:00:01]} Kg6 {[%emt 0:00:02]} 53. Qg8# {[%emt 0:00:00] (Lag: Av=0.30s, max=0.6s)} 1-0

[Event "Stay Safe Play From Home 174"]
[Site "T#646332Emanuel Laske"]
[Date "2020.05.25"]
[Round "2"]
[White "Aktürk"]
[Black "matanant"]
[Result "1/2-1/2"]
[WhiteElo "1461"]
[BlackElo "1703"]
[Annotator "NA RC"]
[PlyCount "116"]
[EventDate "2020.05.25"]
[EventType "swiss (blitz)"]

1. e3 {[%emt 0:00:01]} e5 {[%emt 0:00:01]} 2. Qf3 {[%emt 0:00:01]} d5 {[%emt 0:00:03]} 3. b3 {[%emt 0:00:01]} e4 {[%emt 0:00:01]} 4. Qg3 {[%emt 0:00:01]} Qf6 {[%emt 0:00:04]} 5. Nc3 {[%emt 0:00:02]} Bd6 {[%emt 0:00:01]} 6. f4 {[%emt 0:00:06]} exf3 {[%emt 0:00:02]} 7. Qxf3 {[%emt 0:00:02]} c6 {[%emt 0:00:03]} 8. Bb2 {[%emt 0:00:03]} Be5 {[%emt 0:00:02]} 9. Qxf6 {[%emt 0:00:07]} Nxf6 {[%emt 0:00:03]} 10. Nd1 {[%emt 0:00:01]} Bxb2 {[%emt 0:00:02]} 11. Nxb2 {[%emt 0:00:01]} O-O {[%emt 0:00:00]} 12. g3 {[%emt 0:00:06]} Bf5 {[%emt 0:00:02]} 13. d3 {[%emt 0:00:02]} Ng4 {[%emt 0:00:03]} 14. Nd1 {[%emt 0:00:07]} Re8 {[%emt 0:00:02]} 15. Ke2 {[%emt 0:00:08]} Nd7 {[%emt 0:00:03]} 16. h3 {[%emt 0:00:02]} Nh6 {[%emt 0:00:06]} 17. Nf3 {[%emt 0:00:01]} Bg6 {[%emt 0:00:03]} 18. g4 {[%emt 0:00:05]} Ne5 {[%emt 0:00:03]} 19. Nd4 {[%emt 0:00:07]} f6 {[%emt 0:00:01]} 20. Nf2 {[%emt 0:00:09]} Re7 {[%emt 0:00:02]} 21. Bg2 {[%emt 0:00:04]} Rae8 {[%emt 0:00:02]} 22. Nd1 {[%emt 0:00:05]} a6 {[%emt 0:00:03]} 23. a4 {[%emt 0:00:04]} c5 {[%emt 0:00:01]} 24. Nf3 {[%emt 0:00:06]} Nxf3 {[%emt 0:00:01]} 25. Bxf3 {[%emt 0:00:02]} d4 {[%emt 0:00:01]} 26. Bd5+ {[%emt 0:00:05]} Kf8 {[%emt 0:00:02]} 27. e4 {[%emt 0:00:01]} Nf7 {[%emt 0:00:05]} 28. Rf1 {[%emt 0:00:04]} Ng5 {[%emt 0:00:03]} 29. Rh1 {[%emt 0:00:13]} b5 {[%emt 0:00:01]} 30. Nb2 {[%emt 0:00:05]} Bf7 {[%emt 0:00:04]} 31. Bxf7 {[%emt 0:00:05]} Kxf7 {[%emt 0:00:03]} 32. h4 {[%emt 0:00:01]} Ne6 {[%emt 0:00:02]} 33. Rhf1 {[%emt 0:00:05]} h6 {[%emt 0:00:03]} 34. axb5 {[%emt 0:00:02]} axb5 {[%emt 0:00:02]} 35. Ra5 {[%emt 0:00:02]} Nc7 {[%emt 0:00:01]} 36. Rf5 {[%emt 0:00:07]} Re5 {[%emt 0:00:05]} 37. Rf4 {[%emt 0:00:03]} g5 {[%emt 0:00:02]} 38. hxg5 {[%emt 0:00:03]} hxg5 {[%emt 0:00:00]} 39. Rf3 {[%emt 0:00:02]} Kg6 {[%emt 0:00:01]} 40. Rh3 {[%emt 0:00:02]} R8e7 {[%emt 0:00:02]} 41. Nd1 {[%emt 0:00:05]} f5 {[%emt 0:00:02]} 42. gxf5+ {[%emt 0:00:03]} Rxf5 {[%emt 0:00:01]} 43. Nf2 {[%emt 0:00:05]} Rfe5 {[%emt 0:00:02]} 44. Ng4 {[%emt 0:00:02]} Rh7 {[%emt 0:00:04]} 45. Nxe5+ {[%emt 0:00:03]} Kg7 {[%emt 0:00:02]} 46. Rxh7+ {[%emt 0:00:01]} Kxh7 {[%emt 0:00:01]} 47. Ra7 {[%emt 0:00:00]} Kh6 {[%emt 0:00:04]} 48. Rxc7 {[%emt 0:00:00]} g4 {[%emt 0:00:01]} 49. Rxc5 {[%emt 0:00:00]} Kg5 {[%emt 0:00:00]} 50. Nxg4+ {[%emt 0:00:03]} Kf4 {[%emt 0:00:00]} 51. Rxb5 {[%emt 0:00:01]} Kxg4 {[%emt 0:00:02]} 52. Rd5 {[%emt 0:00:00]} Kf4 {[%emt 0:00:00]} 53. Rxd4 {[%emt 0:00:00]} Ke5 {[%emt 0:00:00]} 54. b4 {[%emt 0:00:01]} Ke6 {[%emt 0:00:00]} 55. b5 {[%emt 0:00:01]} Ke5 {[%emt 0:00:00]} 56. b6 {[%emt 0:00:00]} Kxd4 {[%emt 0:00:00]} 57. b7 {[%emt 0:00:00]} Kc3 {[%emt 0:00:00]} 58. b8=Q {[%emt 0:00:01]} Kd4 {[%emt 0:00:00] Zaman (Lag: Av=0.56s, max=1.0s)} 1/2-1/2

[Event "Stay Safe Play From Home 174"]
[Site "T#646332Emanuel Laske"]
[Date "2020.05.25"]
[Round "2"]
[White "ritwik chess"]
[Black "Greblah"]
[Result "0-1"]
[WhiteElo "1437"]
[BlackElo "1883"]
[Annotator "NA RC"]
[PlyCount "88"]
[EventDate "2020.05.25"]
[EventType "swiss (blitz)"]

1. c4 {[%emt 0:00:02]} c6 {[%emt 0:00:00]} 2. g3 {[%emt 0:00:02]} d5 {[%emt 0:00:00]} 3. cxd5 {[%emt 0:00:01]} cxd5 {[%emt 0:00:03]} 4. Bg2 {[%emt 0:00:02]} Nf6 {[%emt 0:00:03]} 5. Nf3 {[%emt 0:00:02]} Nc6 {[%emt 0:00:01]} 6. d4 {[%emt 0:00:01]} e6 {[%emt 0:00:01]} 7. O-O {[%emt 0:00:02]} Bd6 {[%emt 0:00:02]} 8. Nc3 {[%emt 0:00:02]} O-O {[%emt 0:00:01]} 9. e3 {[%emt 0:00:15]} a6 {[%emt 0:00:01]} 10. b3 {[%emt 0:00:01]} b5 {[%emt 0:00:01]} 11. Bb2 {[%emt 0:00:01]} Bb7 {[%emt 0:00:00]} 12. Rc1 {[%emt 0:00:02]} Rc8 {[%emt 0:00:01]} 13. Ne2 {[%emt 0:00:02]} Ne4 {[%emt 0:00:04]} 14. Nd2 {[%emt 0:00:06]} Nxd2 {[%emt 0:00:03]} 15. Qxd2 {[%emt 0:00:00]} Bb4 {[%emt 0:00:01]} 16. Qd1 {[%emt 0:00:06]} f5 {[%emt 0:00:02]} 17. Nf4 {[%emt 0:00:07]} Qd6 {[%emt 0:00:04]} 18. a3 {[%emt 0:00:11]} Ba5 {[%emt 0:00:11]} 19. b4 {[%emt 0:00:02]} Bb6 {[%emt 0:00:04]} 20. Qh5 {[%emt 0:00:10]} Ne7 {[%emt 0:00:17]} 21. Qg5 {[%emt 0:00:07]} Rc4 {[%emt 0:00:13]} 22. Nh5 {[%emt 0:00:05]} Rf7 {[%emt 0:00:01]} 23. Rxc4 {[%emt 0:00:05]} bxc4 {[%emt 0:00:03]} 24. Rc1 {[%emt 0:00:02]} Bd8 {[%emt 0:00:01]} 25. Nf4 {[%emt 0:00:05]} Nc6 {[%emt 0:00:10]} 26. Qh5 {[%emt 0:00:02]} g6 {[%emt 0:00:02]} 27. Qd1 {[%emt 0:00:02]} Na7 {[%emt 0:00:02]} 28. Ne2 {[%emt 0:00:05]} Bc6 {[%emt 0:00:02]} 29. Nc3 {[%emt 0:00:02]} Rb7 {[%emt 0:00:02]} 30. Na4 {[%emt 0:00:05]} Bxa4 {[%emt 0:00:05]} 31. Qxa4 {[%emt 0:00:00]} Kf7 {[%emt 0:00:06]} 32. Rxc4 {[%emt 0:00:05]} Nb5 {[%emt 0:00:18]} 33. Rc1 {[%emt 0:00:08]} Qb6 {[%emt 0:00:19]} 34. Qd1 {[%emt 0:00:07]} Be7 {[%emt 0:00:01]} 35. a4 {[%emt 0:00:02]} Nd6 {[%emt 0:00:01]} 36. Ba3 {[%emt 0:00:08]} Rd7 {[%emt 0:00:02]} 37. a5 {[%emt 0:00:03]} Qb7 {[%emt 0:00:03]} 38. Qa4 {[%emt 0:00:21]} Nb5 {[%emt 0:00:02]} 39. Bf1 {[%emt 0:00:03]} Nd6 {[%emt 0:00:01]} 40. Qc6 {[%emt 0:00:02]} Rc7 {[%emt 0:00:04]} 41. Qxa6 {[%emt 0:00:01]} Qc8 {[%emt 0:00:02]} 42. Qxc8 {[%emt 0:00:02]} Rxc8 {[%emt 0:00:02]} 43. Rxc8 {[%emt 0:00:01]} Nxc8 {[%emt 0:00:00]} 44. a6 {[%emt 0:00:00]} Na7 {[%emt 0:00:01]} 0-1

[Event "Stay Safe Play From Home 174"]
[Site "T#646332Emanuel Laske"]
[Date "2020.05.25"]
[Round "3"]
[White "Chase the sun"]
[Black "Lazieri3"]
[Result "1-0"]
[WhiteElo "1914"]
[BlackElo "2066"]
[Annotator "TA"]
[PlyCount "99"]
[EventDate "2020.05.25"]
[EventType "swiss (blitz)"]

{[%evp 13,99,6,61,68,68,23,41,35,35,0,7,-89,-30,-33,0,0,25,0,0,0,29,24,44,41,264,267,263,268,268,262,277,257,273,256,324,241,279,262,256,253,273,273,279,273,286,267,271,258,304,302,287,254,222,184,216,216,366,300,475,316,285,241,239,238,302,302,328,283,584,555,584,584,4534,4434,4527,4242,3672,1703,1061,386,4349,5089,5591,4897,29952,8945,8144,4627]} 1. e4 c6 2. d4 d5 3. exd5 cxd5 4. Bd3 Nc6 5. c3 Nf6 6. Bf4 Bg4 7. Qb3 Qb6 (7... e5 $11 8. h3 (8. dxe5 Nh5 $14) 8... Na5) 8. Qxb6 $14 {B13: Caro-Kann: Exchange Variation and Panov-Botvinnik Attack.} axb6 {[#]} 9. a3 $146 ({Predecessor:} 9. h3 Bh5 10. Na3 e6 11. Nb5 Kd7 12. a4 Ne8 13. Be2 Bg6 14. Nf3 Bc2 15. Bd1 Bxd1 16. Kxd1 {0-1 (31) Wei,Y (2721)-Vachier Lagrave,M (2774) chess.com INT 2019}) 9... e6 10. h3 {White is slightly better.} Bh5 11. g4 Bg6 12. Kd2 (12. Bb5 $11) 12... Bxd3 ({Black should try} 12... Ne4+ $17 13. Ke2 Nxf2 $1 {[%mdl 576] Deflection} 14. Kxf2 Bxd3) 13. Kxd3 $11 Kd7 14. Nd2 Bd6 15. Bxd6 Kxd6 16. f4 h6 17. Ngf3 Nd7 18. Ne5 f6 $2 {Now Black is done in.} (18... Raf8 $14) 19. Nf7+ $18 {[%mdl 64] Double Attack} Ke7 20. Nxh8 Rxh8 21. Rae1 Kd6 22. Nf3 b5 23. h4 Na5 24. Nd2 Nc4 25. Nxc4+ bxc4+ {[%mdl 4096] Endgame KRR-KRN} 26. Kc2 b5 27. g5 hxg5 28. hxg5 ({Don't do} 28. fxg5 $6 g6 $18) 28... Rd8 29. Rh7 Rg8 30. Ra1 e5 31. fxe5+ fxe5 32. dxe5+ Nxe5 33. a4 bxa4 34. Rxa4 Nf3 (34... Nc6 $142 35. Ra6 Kc5) 35. Ra6+ Kc5 (35... Ke5 $142 36. g6 Ng5) 36. Rg6 d4 {Threatens to win with ...d3+.} 37. cxd4+ (37. Rhxg7 d3+ 38. Kb1 Nd2+ 39. Kc1 Nb3+ 40. Kd1 Ra8 $19) 37... Nxd4+ {[#]} 38. Kb1 $1 Rf8 39. Rgxg7 ({Not} 39. Rhxg7 Nb3 $16) 39... Rf1+ 40. Ka2 Nb3 $2 (40... Rg1 {is a better chance.} 41. Rc7+ Kb5 42. Rb7+ Kc5 43. Rbc7+ Kb5 44. Rb7+ Kc5 45. Rhc7+ Nc6 46. b4+ cxb3+ 47. Rxb3 Kd6) 41. Rc7+ Kb5 {[%csl Gb3][%cal Rf1a1]} 42. Rb7+ Ka5 {[%csl Gb3][%cal Rf1a1]} 43. Rxb3 cxb3+ 44. Kxb3 {KR-KR} Rg1 45. Rg7 Kb5 46. Kc3 $2 (46. g6 Rg3+ 47. Kc2) 46... Rg3+ $2 (46... Kc5 47. b4+ Kd5) 47. Kd4 Kb4 48. Ke5 Kb3 49. Rb7+ Ka4 50. Kf6 {Accuracy: White = 70%, Black = 31%.} 1-0